000 01319nam a2200325 a 4500
999 _c61611
_d61611
003 BLK
005 20240203152158.0
008 180408b bul|||||r ||||||| ||bul||
010 _aKNG00065814000
040 _aBLK
041 _aBUL
_cBUL
080 _aНародна медицина. Лечение с домашни средства
_b615.89
_z615.89
100 1 _aДимков, Петър
_eпърви автор
_9366166
139 _aДимков, Петър
_bД 59
245 1 0 _aБългарска народна медицина
_bПриродолечение и природосъобразен живот : В 3. т.
_cПетър Димков; ред. Стефан Тодоров.
_nТ. 1
_pОбща част
257 _aBGR
260 _aСофия
_bБАН
_c1977 -
300 _c24 см
380 _a61
650 4 _aНародна медицина
_9255231
653 _aалтернативна медицина
700 1 _aТодоров, Стефан
_eред.
_9366288
760 1 _aДимков, Петър
_d1977
_h360 с., 24 см
_tТ. 1 Обща част
852 _aЦб 86297
_bЦб
856 4 _qpdf
_i0.00
_ldisable
856 4 _qpdf
_i0.00
_ldisable
942 _cKNG
_n0
_06
_s1
944 _aCR
_c13.06.2004
_k30535
_lХристина Везирева
944 _aED
_c14.08.2015